glycolyse - Statistiques

Statistiques générales
  • Ce quiz a été pris 174 fois
  • Le résultat moyen est 9 sur 21
Statistiques - réponses
Hint Réponse % Correct
molécule 1 glucose
93%
molécule 2 glucose 6 phosphate
86%
molécule 3 fructose 6 phosphate
83%
enzyme 1 hexokinase
83%
molécule 4 fructose 1,6 biphosphate
58%
molécule 10 pyruvate
54%
enzyme 3 phosphofructo kinase
47%
molécule 5 glyceraldehyde 3 phosphate
46%
enzyme 4 aldolase
44%
enzyme 9 pyruvate kinase
39%
molécule 5 bis dihydroxyacetone phosphate
37%
molécule 9 phosphoenol pyruvate
36%
enzyme 8 enolase
32%
molécule 7 3 phosphoglycerate
31%
molécule 8 2 phosphoglycerate
29%
molécule 6 1,3 biphosphoglycerate
27%
enzyme 5 bis triose phosphate isomerase
27%
enzyme 2 phosphohexose isomerase
22%
enzyme 5 glyceraldehyde 3 phosphate deshydrogenase
17%
enzyme 6 phosphoglycerate kinase
17%
enzyme 7 phosphoglycerate mutase
15%
Aucun quiz correspondant
Distribution des résultats
% des personnes avec chaque résultat
Percentile par nombre de réponses
Votre historique - résultats
Vous n’avez pas pris ce quiz